| 000 | 01226nam a22002897a 4500 | ||
|---|---|---|---|
| 001 | 000708 | ||
| 003 | DO-SdBNP | ||
| 005 | 20180214122733.0 | ||
| 007 | 000708 | ||
| 008 | 161116b 2010 uy a ||||| |||| 00| 0 spa d | ||
| 020 | _a 9789974680753 | ||
| 040 |
_aBPMSU _bspa _cBPMSU |
||
| 082 |
_a372.4 _bG618d |
||
| 100 | 1 | _aGoldberg, Mirta | |
| 245 | 0 | 0 |
_aA descubrir y conocer la magia de las letras : _biniación al desarrollo de la lectoescritura / _cMirta Goldberg ; ilustraciones especiales Diego Rodríguez, Hernán Gallardo. |
| 260 | 0 |
_aMontevideo, Rep. Oriental del Uruguay : _b Arquetipo Grupo Editorial, _bLexus, _c2010. |
|
| 300 |
_a264 p. : _bil. ; _c27 cm. |
||
| 505 | 0 |
_t¡Ahora nos leen! páginas para que nos lean -- _t¡A leer solitos! páginas para leer solos -- _t¡A jugar! páginas para jugar -- _t¡Recetas de cocina! páginas para saborear -- _t¡Manualidades! páginas para crear. |
|
| 650 | 4 | _aCOMPRENSIÓN DE LECTURA | |
| 650 | 4 | _aLITERATURA INFANTIL | |
| 700 | 1 | 2 |
_aRodríguez, Diego, _eil. |
| 700 | 1 | 2 |
_aGallardo, Hernán, _eil. |
| 910 | _aValidado. Control de calidad MFF | ||
| 942 |
_2ddc _cBK |
||
| 945 | _aInventariado, 2018/MFF | ||
| 956 |
_2LOPEREZ _310 _620161116 _8BPMSU _a00041 |
||
| 999 |
_c11974 _d11974 |
||